000 00714nam a2200205 i 4500
001 69351
003 ES-MaACL
005 20230906170511.0
007 t|
008 040705s1970 sp ||||1| spa d
100 1 _aGarcía y Bellido, Antonio.
_955426
245 1 4 _aLos hallazgos cerámicos del área del templo romano de Córdoba /
_cAntonio García-Bellido.
260 _aMadrid :
_b[Instituto Español de Arqueología],
_c1970.
300 _a80 p., 4 lám. :
_bil. ;
_c28 cm.
490 1 _aArchivo español de arqueología
710 2 _aInstituto Español de Arqueología.
_95036
830 0 _aArchivo español de arqueología
_9183271
852 _aES-MaACL
_jC-37259
_bR.73932
999 _c69351
_d69351